Clarkson and keating criminal law : (Record no. 14429)
[ view plain ]
| 000 -LEADER | |
|---|---|
| fixed length control field | 01067nam a2200241 a 4500 |
| 001 - CONTROL NUMBER | |
| control field | ASIN0421947802 |
| 005 - DATE AND TIME OF LATEST TRANSACTION | |
| control field | 20170105102855.0 |
| 008 - FIXED-LENGTH DATA ELEMENTS--GENERAL INFORMATION | |
| fixed length control field | 130827s2007 xxu eng d |
| 020 ## - INTERNATIONAL STANDARD BOOK NUMBER | |
| International Standard Book Number | 0421947802 (paperback) |
| 020 ## - INTERNATIONAL STANDARD BOOK NUMBER | |
| International Standard Book Number | 9780421947801 (paperback) |
| 040 ## - CATALOGING SOURCE | |
| Original cataloging agency | 0 |
| 082 ## - DEWEY DECIMAL CLASSIFICATION NUMBER | |
| Classification number | 345.42 |
| 100 1# - MAIN ENTRY--PERSONAL NAME | |
| Personal name | Clarkson, C.M.V. |
| 245 10 - TITLE STATEMENT | |
| Title | Clarkson and keating criminal law : |
| Remainder of title | texts and materials / |
| Statement of responsibility, etc. | C.M.V. Clarkson, H.M. Keating, S. R. Cunningham. |
| 250 ## - EDITION STATEMENT | |
| Edition statement | 6th ed. |
| 260 ## - PUBLICATION, DISTRIBUTION, ETC. | |
| Place of publication, distribution, etc. | [S.l.] : |
| Name of publisher, distributor, etc. | Sweet & Maxwell, |
| Date of publication, distribution, etc. | 2007. |
| 300 ## - PHYSICAL DESCRIPTION | |
| Extent | 932 p. ; |
| Dimensions | 24 cm. |
| 520 ## - SUMMARY, ETC. | |
| Summary, etc. | Written specifically with the law undergraduate in mind, this easily digestible text examines the main principles and rules of the criminal law and explores the theoretical bases upon which they are founded - highlighting how the criminal law is inextricably linked to fundamental issues of moral philosophy and penology. |
| 700 1# - ADDED ENTRY--PERSONAL NAME | |
| Personal name | Keating, H.M. |
| 700 1# - ADDED ENTRY--PERSONAL NAME | |
| Personal name | Cunningham, S. R. |
| 856 40 - ELECTRONIC LOCATION AND ACCESS | |
| Materials specified | Amazon.com |
| Uniform Resource Identifier | <a href="http://www.amazon.com/exec/obidos/ASIN/0421947802/chopaconline-20">http://www.amazon.com/exec/obidos/ASIN/0421947802/chopaconline-20</a> |
| 942 ## - ADDED ENTRY ELEMENTS (KOHA) | |
| Source of classification or shelving scheme | |
| Koha item type | Book |
| Withdrawn status | Lost status | Damaged status | Not for loan | Collection code | Permanent Location | Current Location | Shelving location | Date acquired | Total Checkouts | Full call number | Barcode | Date last seen | Price effective from | Koha item type |
|---|---|---|---|---|---|---|---|---|---|---|---|---|---|---|
| Centre for International Peace & Stability (CIPS) | Centre for International Peace & Stability (CIPS) | General Stacks | 08/27/2013 | 345.42 CLA 2007 | CIPS0000797 | 08/27/2013 | 08/27/2013 | Book |
